| 000 | 00601nam a2200169Ia 4500 | ||
|---|---|---|---|
| 008 | 180921t2015 xxu||||| |||| 00| 0 sin d | ||
| 041 | _asin | ||
| 080 |
_a37 _bSEN |
||
| 100 | _aSenadeera,Silvi | ||
| 245 | _aශ්රී ලංකාවේ අධ්යාපන සැලසුම්කරණය සඳහා දාර්ශනික මාර්ගෝපදේශය | ||
| 246 | _aSri Lakawe Adhayapana Salasumkaranaya Sadhaha Darshanika Margopadhesha | ||
| 260 |
_bGodage _aColombo _c2015 |
||
| 300 | _b303p, 22cm | ||
| 942 | _cBK | ||
| 999 |
_c5055 _d5055 |
||
| 003 | LK-CoDNM | ||
| 040 |
_aLK-CoDNM _dLK-CoDNM _eLK-CoDNM |
||